1394 1524 1065 1844 1032 1482 1802 1633 1586 1317 1234 1249 1262 1941 1906 1327 1331 1516 1892 1265 1206 1175 1049 1961 1795 1842 1316 1627 1051 1562 1529 1256 1741 1257 1131 1556 1270 1346 1540 1956 1585 1364 1890 1479 1558 1899 1930 1947 1926 1303 1727 1394 1591 1318 1047 1466 1072 1532 1821 1903 1051 1466 1955 1653 1617 1938 1815 1342 1071 1537 1934 1752 1834 1968 1295 1033 1671 1328 1913 1506 1936 1875 1774 1157 1877 1966 1697 1817 1000 1184 1654 1641 1718 1950 1950 1160 1899 1637 1251 BCNSPRNW ULIB Ver.6.0+V

เปลี่ยนเป็นภาษาไทย

Change to English
 แสดงรายละเอียดบรรณานุกรม
  กลับหน้าหลัก

Brief Record : Get Marc (ISO 2709) : E-mail record : QR code < ปิดหน้าต่าง
LEADER : 00000nam 2200000uu 4500
001    13399124428
003     ULIB
008    150713s2557 th 000 0 tha d
020    ^a9786161121167
060  0 ^aWT100^bส831ว
100 0  ^aสุพัตรา ศรีวณิชชากร, บรรณาธิการ
245 00 ^aเวทีเรียนรู้เครือข่ายอำเภอเพื่อดูแลผู้สูงอายุแบบบูรณาการ /^cสุพัตรา ศรีวณิชชากร, บรรณาธิการ
250    ^aพิมพ์ครั้งที่ 1 (ราคา 300 บาท)
260    ^aนนทบุรี :^bสถาบันวิจัยและพัฒนาระบบสุขภาพชุมชน(สพช.),^c2557
300    ^a152 หน้า :^bภาพประกอบ ;^c24 ซม.
505 0  ^a1. เสวนาการพัฒนาผู้สูงอายุ หลักคิด รูปธรรม และบทเรียนจากพื้นที่กรณีศึกษา
505 0  ^a2. การจัดการดูแลผู้ป่วยระยะสุดท้าย : Palliative Care
505 0  ^a3. เครือข่ายสุขภาพอำเภอดูแลผู้สูงอายุระยะยาว
505 0  ^a4. การส่งเสริมสุขภาพผู้สูงวัยอย่างไรให้เหมาะสม
505 0  ^a5. การจัดสภาพแวดล้อมที่เหมาะสมกับผู้สูงอายุในบ้านและในชุมชน
505 0  ^a6. พื้นที่ทางสังคมและการเสริมศักยภาพผู้สูงอายุ
505 0  ^a7. การจัดสวัสดิการสังคม ความมั่นคงในชีวิต และกองทุนตำบล เพื่อสนับสนุนการทำงานผู้ สูงอายุแบบบูรณาการ
650  7 ^aผู้สูงอายุ
945    ^p300^l0^i039533
999    ^aเกษร โพธิ์สุวรรณ
รายการนี้ยังไม่มีแท็ก
คุณยังไม่ได้ล็อกอิน คุณสามารถมีกิจกรรมร่วมกับเว็บไซต์ได้ แต่ต้องล็อกอินก่อน ::
  ล็อกอิน

รายการสื่อสารสนเทศ

ลำดับที่ ประเภท เลขเรียก/บาร์โค้ด สถานที่ สถานะ
1. วิทยาศาสตร์การแพทย์ และสุขภาพ
วิทยาศาสตร์การแพทย์ และสุขภาพ
สถานะ=หนังสือเก่า
WT100 ส831ว ฉ.1 
  Barcode: 039533
ห้องสมุดวิทยาเขตสวรรค์ประชารักษ์
►ส่วนจัดเก็บหนังสือเก่า สปร
บนชั้น
  ขอยืม

รายการใกล้เคียง
    หัวเรื่อง [ผู้สูงอายุ]

BibComment


ยังไม่เคยถูกคอมเมนท์

คอมเมนท์ทรัพยากรรายการนี้
  คอมเมนท์: เวทีเรียนรู้เครื..


 Copyright 2026. Bcnsprnw @Library